| 000 | 00346nam a2200133Ia 4500 | ||
|---|---|---|---|
| 008 | 240624s9999 xx 000 0 und d | ||
| 041 | _aeng | ||
| 082 | _a300.72 TIS | ||
| 100 | _aTISDALL E KAY M | ||
| 245 | _aRESARCHING WITH CHILDREN AND YOUNG PEOPL | ||
| 260 |
_c2009 _aLondon _bSage Publications |
||
| 300 | _ax, : 235 : p. | ||
| 365 |
_cGBP _b38 |
||
| 999 |
_c21597 _d21597 |
||